Political man: the social bases of politics
I tiakina i:
| Kaituhi matua: | |
|---|---|
| Hōputu: | Pukapuka |
| Reo: | Ingarihi |
| I whakaputaina: |
Bombay
Vakils, Feffer and Simons Private
1960
|
| Rangatū: | Current Thought Series, 4
|
| Ngā marau: | |
| Ngā Tūtohu: |
Tāpirihia he Tūtohu
Kāore He Tūtohu, Me noho koe te mea tuatahi ki te tūtohu i tēnei pūkete!
|
MARC
| LEADER | 00000nam a2200000 a 4500 | ||
|---|---|---|---|
| 001 | UCV1808 | ||
| 003 | CL-VaPUC | ||
| 008 | 910322e19600000II |||||||||||||||||eng|d | ||
| 082 | 0 | 4 | |a 320.01 |b LIP |2 21 |
| 100 | |a Lipset, Seymour Martin |e autor |9 451988 | ||
| 245 | 1 | 0 | |a Political man: the social bases of politics |
| 300 | |a 207 p | ||
| 942 | |c BK | ||
| 945 | |d 19910322 00:00:00 | ||
| 260 | |a Bombay |b Vakils, Feffer and Simons Private |c 1960 | ||
| 650 | 0 | |a Democracia |9 255256 | |
| 650 | 0 | |a Sociología política |9 255920 | |
| 583 | |a last modification |c 19910322 00:00:00 |k Rodrigo Vera | ||
| 490 | 0 | |a Current Thought Series, 4 | |
| 999 | |c 209608 |d 209606 | ||
| 952 | |0 0 |1 0 |4 0 |6 320_010000000000000_LIP_1960 |7 0 |8 A |9 185121 |a BIBDER |b BIBDER |d 2019-11-14 |i 2525615 |o 320.01 LIP 1960 |p 2525615 |r 2023-01-25 |w 2019-11-14 |y BK |k DER | ||